| 000 | 00462 a2200157 4500 | ||
|---|---|---|---|
| 999 |
_c5384 _d5384 |
||
| 010 | _aENG-86850 | ||
| 020 |
_a8178234300 _c45.00 |
||
| 035 | _aEN-70383 | ||
| 037 | _bDBAD / PUB | ||
| 082 | 1 | 4 | _a181.45 |
| 245 | 1 |
_aChannelling youth power : _ba vedanta kesari presentation / |
|
| 260 |
_aChennai _bSri Ramakrishna Math _c2006 |
||
| 270 |
_aMylapore, Chennai-4 _cT.N. _bChennai |
||
| 300 |
_a241p _b22cm (pbk) |
||
| 942 |
_adpl _cEN _2ddc _h181.45 _mCHA |
||